Plan de negocio, para la creación de una empresa comercializadora de galletas a base de banano en la ciudad de Estelí, del periodo 2019-2021
La presente investigación es un plan de negocio para la creación de una empresa comercializadora de galletas a base de banano en la ciudad de Estelí, como propósito de elaborar y distribuir galletas nutritivas, utilizando ingredientes que contienen poco químico, el cual hace que sea un product...
| Main Authors: | , , |
|---|---|
| Other Authors: | |
| Format: | Tesis Section = Libro |
| Language: | Undetermined Spanish |
| Published: |
Managua
UNI
2019
|
| Subjects: |
| LEADER | 01341nam a2200289Ia 4500 | ||
|---|---|---|---|
| 008 | 240830s9999 xx 000 0 und d | ||
| 040 | |a BIBLIOTECA-RUPAP Mon 658.11 C352 | ||
| 041 | |a spa | ||
| 082 | |a Mon 658.11 C352 | ||
| 100 | 1 | |a Castillo Rodríguez, Ana Vanessa | |
| 100 | 1 | |b Santamaría Santos, Cinthia Harychell | |
| 100 | 1 | |c Laguna Laguna, Nubia Maykely | |
| 245 | 1 | 0 | |a Plan de negocio, para la creación de una empresa comercializadora de galletas a base de banano en la ciudad de Estelí, del periodo 2019-2021 |
| 260 | |a Managua |b UNI |c 2019 | ||
| 300 | |a 96 p. :il. | ||
| 500 | |a Contiene: anexos y CD. | ||
| 502 | |a Tesis (Ingeniero Industrial)- UNI, 2019. | ||
| 520 | 3 | |a La presente investigación es un plan de negocio para la creación de una empresa comercializadora de galletas a base de banano en la ciudad de Estelí, como propósito de elaborar y distribuir galletas nutritivas, utilizando ingredientes que contienen poco químico, el cual hace que sea un producto competitivo en el mercado. | |
| 650 | 7 | |a NUEVAS EMPRESAS-ESTELI (NICARAGUA) | |
| 650 | 7 | |b ESTUDIO DE MERCADO | |
| 650 | 7 | |c ESTUDIO FINANCIERO | |
| 650 | 7 | |d GALLETAS DE BANANOS-INDUSTRIA Y COMERCIO | |
| 650 | 7 | |e PLANIFICACION EMPRESARIAL | |
| 700 | 1 | |a Tutor: |b Navarro Zeledón, Mauricio | |
| 942 | |c BK |2 ddc | ||
| 991 | |a TESIS | ||
| 999 | |c 16874 | ||